000 00314nam a2200121Ia 4500
008 220216s9999 xx 000 0 und d
245 0 _aPlanting materials used on estates in Malaya, 1962
260 _bPlanters Bulletin
_c1964
300 _a6-Mar
650 _aMalaya
650 _aPlanting materials
942 _cJS
999 _c65158
_d65158